000 00525nam a2200181Ia 4500
999 _c8082
_d8082
003 OSt
005 20191228115817.0
008 190216s9999||||xx |||||||||||||| ||und||
020 _a9788184842562
040 _coclc
082 _a630.954
_bAHM/A
100 1 _aAhmad, Rais,
_9885
_d1958-
245 0 _aAgriculture And Rural Marketing /
_cDr. Rais Ahmad
260 _bRegal Publications,
_c2013.
_aNew Delhi:
300 _a450p
650 _aCommerce
942 _cBK
_2ddc
_h630.954
_iAHM/A
_k630.954
_mAHM/A